| 000 | 00668 a2200205 4500 | ||
|---|---|---|---|
| 001 | 127077 | ||
| 020 | _a9788521314530 | ||
| 040 | _cEscola Canadense de Niteroi | ||
| 090 | _aEAT | ||
| 100 | _aEaton, Kait | ||
| 245 | 1 | 0 | _aNo deserto |
| 250 | _a1ª Ed. | ||
| 300 |
_a10 p. _bil. _c18x18 cm. (Capa dura) |
||
| 362 | 0 | _a2009 | |
| 520 | _aDa mesma série de 'Os bichinhos', 'No fundo do mar', 'Na fazenda' e 'Na floresta'. Impresso em papelão e ilustrado, o livro conta a história dos bichinhos do deserto, que inventam brincadeiras para passar o tempo. | ||
| 650 | 4 | _aKindergarten's Literature | |
| 650 | 4 | _aDeserto | |
| 650 | 4 | _aCompetição | |
| 942 | _cBK | ||
| 999 |
_c127077 _d127077 |
||